000 00784nam a2200253Ia 4500
003 OSt
005 20220923220147.0
006 a|||||r|||| 00| 0
007 ta
008 220922b |||||||| |||| 00| 0 hin d
024 _a184,668
037 _cTextual
040 _aARTS
_cARTS
_bhin
041 _2hin
_ahin
082 _aO152,1NPRx, K9
100 _aप्रेमी, अयूब
245 0 _aयह आस्था यह अंधेरा
246 _aYah āsthā yah aandherā
260 _aदिल्ली
_b अजय पब्लि
_c1969
300 _a80 पृ.
_ccm.
650 _aहिन्दी साहित्य
_9156264
942 _hO152,1NPRx, K9
_cTEXL
_2CC
999 _c337952
_d337952